| 000 -LEADER |
| fixed length control field |
00526nam a22001697a 4500 |
| 008 - FIXED-LENGTH DATA ELEMENTS--GENERAL INFORMATION |
| fixed length control field |
150520b xxu||||| |||| 00| 0 eng d |
| 020 ## - INTERNATIONAL STANDARD BOOK NUMBER |
| International Standard Book Number |
0763718432 |
| 080 ## - UNIVERSAL DECIMAL CLASSIFICATION NUMBER |
| Universal Decimal Classification number |
16 |
| 100 ## - Rafti |
| Rafti |
Hein, James L. |
| 245 00 - TITLE STATEMENT |
| Title |
Discrete structures, logic, and computability / |
| 260 ## - |
| -- |
Boston : |
| -- |
Jones and Bartlett Publishers, |
| -- |
2001. |
| 300 ## - |
| -- |
943 f. : |
| -- |
me il. ; |
| -- |
24 cm. |
| 505 ## - |
| -- |
Index: 929-943 |
| 650 #0 - |
| -- |
Strukturat diskrete, logjika, dhe kompjuetshmeria |
| 650 #0 - |
| -- |
shkenca kompjuterike |
| 942 ## - ADDED ENTRY ELEMENTS (KOHA) |
| Source of classification or shelving scheme |
|
| Item type |
Books |